000 00485nam a22001577a 4500
008 140128b xxu||||| |||| 00| 0 eng d
082 _a519.5
100 _978
_aLevin, Richard I.
245 _aStatistics for management
_cby Richard I. Levin & David S. Robin.
250 _a7th ed.
260 _aNew Delhi,
_bPrentice Hall.
_cc2000.
300 _axviii, 830 p
_bcol. ill. ;
_c26 cm. +
650 0 _939
_aManagement
_xStatistical methods
700 _979
_a Robin, David S.
942 _2ddc
_cBK
999 _c65
_d65